Music and some highly musical people : containing brief chapters on I. A description of music. II. The music of nature. III. A glance at the history of music. IV. The power, beauty, and uses of music. Following which are given sketches of the lives of remarkable musicians of the colored race. With portraits, and an appendix containing copies of music composed by colored men /

Bibliographic Details
Main Author: Trotter, James M.
Format: eBook
Language:English
Published: Boston : New York : Lee and Shepard; C. T. Dillingham, 1878.
Series:Black thought and culture.
Subjects:
Online Access:Connect to the full text of this electronic book

MARC

Tag First Indicator Second Indicator Subfields
LEADER 00000cam a22000001i 4500
001 in00002503538
005 20190327173446.0
006 m||||||||d||||||||
007 cr |n ---||a|a
008 731115s1878 maucf s 000|0 eng d
010 |a  05038550  
035 |9 (DLC) 05038550 
035 |a (VaAlASP)ASPS00015451/bltc 
040 |a DLC  |c DLC  |d DLC  |d VaAlASP  |d UtOrBLW 
043 |a n-us--- 
050 1 0 |a ML385  |b .T76 
100 1 |a Trotter, James M. 
245 1 0 |a Music and some highly musical people :  |b containing brief chapters on I. A description of music. II. The music of nature. III. A glance at the history of music. IV. The power, beauty, and uses of music. Following which are given sketches of the lives of remarkable musicians of the colored race. With portraits, and an appendix containing copies of music composed by colored men /  |c By James M. Trotter ... 
264 1 |a Boston :  |b Lee and Shepard;  |a New York :  |b C. T. Dillingham,  |c 1878. 
300 |a 353 pages, 1 leaf, 152 pages including plate :  |b frontispiece, portraits ;  |c 20 cm. 
336 |a text  |b txt  |2 rdacontent 
337 |a computer  |b c  |2 rdamedia 
338 |a online resource  |b cr  |2 rdacarrier 
500 |a Music: Appendix, pages 4-152. 
533 |a Electronic reproduction.  |b Alexandria, VA :  |c Alexander Street Press,  |d 2006.  |f (Black thought and culture).  |n Available via World Wide Web. 
500 |a Electronic resource. 
650 0 |a African American musicians  |v Biography. 
655 0 |a Electronic books. 
776 1 |c Original  |w (DLC) 05038550 
830 0 |a Black thought and culture. 
856 4 0 |z Connect to the full text of this electronic book  |u http://proxy.library.tamu.edu/login?url=http://www.aspresolver.com/aspresolver.asp?BLTC;S15451  |t 0 
999 |a MARS 
999 f f |s 4a2919fa-bb80-3072-8a03-9cf18d2b2213  |i b60c40b5-f1e4-3ae5-a5e4-308825aacc26  |t 0 
952 f f |a Texas A&M University  |b College Station  |c Electronic Resources  |d Available Online  |t 0  |e ML385 .T76  |h Library of Congress classification 
998 f f |a ML385 .T76  |t 0  |l Available Online